La epistemología de Durkheim. Reflexiones acerca de la noción de "hecho social" y su proceso de objetivación.

Bibliographic Details
Main Author: Leal Riquelme, Rubén
Format: Revista
Language:English
Published: Temuco Universidad de la Frontera 2000

MARC

LEADER 00000cas a2200000 a 4500
001 031218
003 UAHC_CL
005 20170803123321.0
008 011115b xx j 000 1 eng
040 |a UAHC_CL  |c UAHC_CL  |d UAHC_CL 
100 1 |a Leal Riquelme, Rubén 
245 1 3 |a La epistemología de Durkheim. Reflexiones acerca de la noción de "hecho social" y su proceso de objetivación. 
260 |a Temuco  |b Universidad de la Frontera  |c 2000 
900 |a EDUCACION Y HUMANIDADES-9 
942 |c REV 
952 |0 0  |1 0  |4 0  |6 EDUCACION_Y_HUMANIDADES9  |7 0  |8 General  |9 60918  |a BC  |b BC  |c General  |d 2017-08-03  |l 0  |o EDUCACION Y HUMANIDADES-9  |p 1919  |r 2019-01-15 00:00:00  |t 1  |w 2017-08-03  |y REV 
999 |c 31218  |d 31218